Southville International School and Colleges
Your cart is empty.
  • Cart
  • Lists
    Public lists Eva Luna New books Lux_list list_1
    Your lists Log in to create your own lists
  • Log in to your account
  • Your cookies
  • Search history
Southville International School and Colleges
  • Advanced search
  • Recent comments
  • Most popular
  • Libraries

Log in to your account

Log in with GOOGLE


If you do not have an external account, but do have a local account, you can still log in:

  1. Home
  2. MARC view: Violent movies and social behavior of grade 8 students of Southville International School and Colleges
Normal view MARC view ISBD view

Violent movies and social behavior of grade 8 students of Southville International School and Colleges (Record no. 305316)

[ view plain ]
MARC details
000 -LEADER
fixed length control field 00763nam a2200205Ia 4500
003 - CONTROL NUMBER IDENTIFIER
control field 0
005 - DATE AND TIME OF LATEST TRANSACTION
control field 20250114123019.0
008 - FIXED-LENGTH DATA ELEMENTS--GENERAL INFORMATION
fixed length control field 161205s9999 xx 000 0 und d
050 ## - LIBRARY OF CONGRESS CALL NUMBER
Classification number PHS HM 1111
Item number .Y95 2015
100 ## - MAIN ENTRY--PERSONAL NAME
Personal name Yu, Mihee
245 ## - TITLE STATEMENT
Title Violent movies and social behavior of grade 8 students of Southville International School and Colleges
Statement of responsibility, etc Mihee Yu
260 ## - PUBLICATION, DISTRIBUTION, ETC. (IMPRINT)
Place of publication, distribution, etc Las Piñas, Philippines :
Name of publisher, distributor, etc Southville International School and Colleges,
Date of publication, distribution, etc 2015.
300 ## - PHYSICAL DESCRIPTION
Extent 28 p. :
Other physical details ill. ;
Dimensions 28 cm.
504 ## - BIBLIOGRAPHY, ETC. NOTE
Bibliography, etc Includes bibliographical references.
650 ## - SUBJECT ADDED ENTRY--TOPICAL TERM
Topical term or geographic name as entry element Motion pictures
Form subdivision Psychological aspects.
650 ## - SUBJECT ADDED ENTRY--TOPICAL TERM
Topical term or geographic name as entry element Violence in motion pictures.
650 ## - SUBJECT ADDED ENTRY--TOPICAL TERM
Topical term or geographic name as entry element Social behavior in adolescence.
650 ## - SUBJECT ADDED ENTRY--TOPICAL TERM
Topical term or geographic name as entry element Media violence
Form subdivision Impact on behavior.
942 ## - ADDED ENTRY ELEMENTS (KOHA)
Koha item type PASS
Source of classification or shelving scheme Library of Congress Classification
Holdings
Withdrawn status Lost status Source of classification or shelving scheme Damaged status Home library Current library Shelving location Date acquired Source of acquisition Total Checkouts Full call number Barcode Date last seen Price effective from Koha item type
    Library of Congress Classification   Luxembourg Library Luxembourg Library Portfolio Assessment of SISC Students Section 12/04/2016 Donation   PHS HM 1111 .Y95 2015 P3539 02/09/2019 12/04/2016 PASS

Violent movies and social behavior of grade 8 students of Southville International School and Colleges

APA

Yu M., . (2015). Violent movies and social behavior of grade 8 students of Southville International School and Colleges. Las Piñas, Philippines: Southville International School and Colleges.

Chicago

Yu Mihee, . 2015. Violent movies and social behavior of grade 8 students of Southville International School and Colleges. Las Piñas, Philippines: Southville International School and Colleges.

Harvard

Yu M., . (2015). Violent movies and social behavior of grade 8 students of Southville International School and Colleges. Las Piñas, Philippines: Southville International School and Colleges.

MLA

Yu Mihee, . Violent movies and social behavior of grade 8 students of Southville International School and Colleges. Las Piñas, Philippines: Southville International School and Colleges. 2015.

  • Print
  • Cite
  • Add to your cart (remove)
  • Save record
    BIBTEX Dublin Core MARCXML MARC (non-Unicode/MARC-8) MARC (Unicode/UTF-8) MARC (Unicode/UTF-8, Standard) MODS (XML) RIS
  • More searches
    Search for this title in:
    Other Libraries (WorldCat) Other Databases (Google Scholar) Online Stores (Bookfinder.com) Open Library (openlibrary.org)

Exporting to Dublin Core...

SOUTHVILLE LIBRARY

Southville International School and Colleges Library

1281 Tropical Ave. Cor. Luxembourg St., BF Homes International, Las Pinas City

Tel. No. 8256374 / 252358 Loc. 117/146

Powered by Koha